00355nam a22001097a 4500008004100000040005500041080001600096245007500112260003500187300001100222650001200233230221b |||||||| |||| 00| 0 eng d aNational Science LibrarycNational Science Library a624(08)bK4 aTransactions of the American society of civil engineersc/ The Society aLondon: bThe Society, c1964 a1006p. aScience